000 00350nam a2200169Ia 4500
100 _aAnderson/John D
650 _aFluid dynamics
942 _cBK
366 _f20
654 _afluid dynamics
245 _aComputational fluid dynamics
260 _bMc Graw Hill
_c1995
082 _bAND
300 _a547
546 _aENGLISH
999 _c35472
_d35472